<?xml version="1.0" encoding="UTF-8"?>
<record
    xmlns:xsi="http://www.w3.org/2001/XMLSchema-instance"
    xsi:schemaLocation="http://www.loc.gov/MARC21/slim http://www.loc.gov/standards/marcxml/schema/MARC21slim.xsd"
    xmlns="http://www.loc.gov/MARC21/slim">

  <leader>01029nam a22002537a 4500</leader>
  <controlfield tag="008">120104s2012    xxu117            vleng d</controlfield>
  <datafield tag="082" ind1=" " ind2=" ">
    <subfield code="2">22</subfield>
    <subfield code="a">791.43</subfield>
    <subfield code="b">TWI</subfield>
  </datafield>
  <datafield tag="245" ind1=" " ind2=" ">
    <subfield code="a">Twilight saga</subfield>
    <subfield code="h">[videorecording].</subfield>
    <subfield code="p">Breaking dawn, part 1 /</subfield>
    <subfield code="c">director, Bill Condon.</subfield>
  </datafield>
  <datafield tag="260" ind1=" " ind2=" ">
    <subfield code="a">[New York] :</subfield>
    <subfield code="b">Summit Entertainment,</subfield>
    <subfield code="c">2012.</subfield>
  </datafield>
  <datafield tag="300" ind1=" " ind2=" ">
    <subfield code="a">1 videodisc (117 min.) :</subfield>
    <subfield code="b">sd., col. ;</subfield>
    <subfield code="c">4 3/4 in.</subfield>
  </datafield>
  <datafield tag="500" ind1=" " ind2=" ">
    <subfield code="a">Title from container.</subfield>
  </datafield>
  <datafield tag="500" ind1=" " ind2=" ">
    <subfield code="a">Originally produced in 2011.</subfield>
  </datafield>
  <datafield tag="500" ind1=" " ind2=" ">
    <subfield code="a">Release date: Feb. 11, 2012.</subfield>
  </datafield>
  <datafield tag="500" ind1=" " ind2=" ">
    <subfield code="a">Special features: 6-part making-of documentary ; wedding 
video ; Jacob's destiny ; Edward fast forward and Jacob fast forward ; audio commentary.</subfield>
  </datafield>
  <datafield tag="650" ind1=" " ind2=" ">
    <subfield code="a">Vampires -</subfield>
    <subfield code="v">Drama.</subfield>
    <subfield code="9">33667</subfield>
  </datafield>
  <datafield tag="650" ind1=" " ind2=" ">
    <subfield code="a">Werewolves -</subfield>
    <subfield code="v">Drama.</subfield>
    <subfield code="9">33668</subfield>
  </datafield>
  <datafield tag="650" ind1=" " ind2=" ">
    <subfield code="a">Life on other planets -</subfield>
    <subfield code="v">Drama.</subfield>
    <subfield code="9">33669</subfield>
  </datafield>
  <datafield tag="700" ind1=" " ind2=" ">
    <subfield code="a">Condon, Bill.</subfield>
    <subfield code="9">33670</subfield>
  </datafield>
  <datafield tag="700" ind1=" " ind2=" ">
    <subfield code="a">Stewart, Kristen.</subfield>
    <subfield code="9">33671</subfield>
  </datafield>
  <datafield tag="700" ind1=" " ind2=" ">
    <subfield code="a">Pattinson, Robert.</subfield>
    <subfield code="9">33672</subfield>
  </datafield>
  <datafield tag="700" ind1=" " ind2=" ">
    <subfield code="a">Lautner, Taylor.</subfield>
    <subfield code="9">33673</subfield>
  </datafield>
  <datafield tag="710" ind1=" " ind2=" ">
    <subfield code="a">Summit Entertainment.</subfield>
    <subfield code="9">33674</subfield>
  </datafield>
  <datafield tag="942" ind1=" " ind2=" ">
    <subfield code="2">ddc</subfield>
    <subfield code="c">CDVDMOV</subfield>
  </datafield>
  <datafield tag="999" ind1=" " ind2=" ">
    <subfield code="c">17534</subfield>
    <subfield code="d">17506</subfield>
  </datafield>
  <datafield tag="952" ind1=" " ind2=" ">
    <subfield code="0">0</subfield>
    <subfield code="1">0</subfield>
    <subfield code="2">ddc</subfield>
    <subfield code="4">0</subfield>
    <subfield code="7">0</subfield>
    <subfield code="8">Baccah</subfield>
    <subfield code="a">MAIN</subfield>
    <subfield code="b">MAIN</subfield>
    <subfield code="c">2ND</subfield>
    <subfield code="d">2013-09-18</subfield>
    <subfield code="e">Purchase</subfield>
    <subfield code="g">159.00</subfield>
    <subfield code="h">18080</subfield>
    <subfield code="l">1</subfield>
    <subfield code="o">791.43 TWI</subfield>
    <subfield code="p">000028875</subfield>
    <subfield code="r">2022-09-26 00:00:00</subfield>
    <subfield code="s">2013-12-16</subfield>
    <subfield code="v">198.75</subfield>
    <subfield code="w">2013-09-18</subfield>
    <subfield code="y">CDVDMOV</subfield>
  </datafield>
</record>
